00205nam a2200085Ia 4500008004100000082001600041245004400057260000900101650000900110221030s9999 xx 000 0 und d a105.23bMCA 0aOffice 2000: The Complete ReferencebCD c2000 aBook